000
00311nam a2200145Ia 4500
100
_a
Modi/ Suresh M
250
_a
3
942
_c
BK
654
_a
Specimen copy
245
_a
Creating Customer Satisfaction Excellen : B3
260
_b
D
_a
NONE
082
_a
658.562
_b
MOD
546
_a
ENGLISH
999
_c
34305
_d
34305